| 000 | 00358nam a2200145 a 4500 | ||
|---|---|---|---|
| 005 | 20141022142001.0 | ||
| 008 | 100916s19uu xx 00 eng d | ||
| 050 |
_aDVD _bZ11 1997 |
||
| 100 | _aZenger, John | ||
| 245 | _aHow leaders boost Productivity. | ||
| 260 |
_bStandford University, _c1997. |
||
| 650 | _aDVD | ||
| 650 | _aleadership | ||
| 942 | _cAVM | ||
| 999 |
_c276254 _d276254 |
||